KOHA-Header-6

Introduction To Algorithms (Record no. 6487)

000 -LEADER
fixed length control field 00265nam a2200109Ia 4500
100 ## - MAIN ENTRY--AUTHOR NAME
Personal name Cormen, Leiserson,
245 #0 - TITLE STATEMENT
Title Introduction To Algorithms
260 ## - PUBLICATION, DISTRIBUTION, ETC. (IMPRINT)
Place of publication USA
Name of publisher Mc Graw Gill
Year of publication 2003
300 ## - PHYSICAL DESCRIPTION
Number of Pages 1180
942 ## - ADDED ENTRY ELEMENTS (KOHA)
Koha item type Books
Holdings
Withdrawn status Lost status Permanent Location Current Location Date acquired Full call number Accession Number Koha item type
    MAJU MAJU 2019-09-07 005.133 201 Books

Powered by Koha